| 000 | 00508nam a2200181 a 4500 | ||
|---|---|---|---|
| 005 | 20210223123250.0 | ||
| 008 | 991125s1989 mx 000 0 spa u | ||
| 020 | _a9684331584 | ||
| 035 | _aUPN01000050209 | ||
| 049 | _aCG | ||
| 050 | 4 |
_aHV6439 M6 _bG3.6 1989 |
|
| 100 | 1 | _aGarcía-Robles, Jorge | |
| 245 | 1 | 1 |
_a¿Qué tranza con las bandas? / _cJorge García-Robles. |
| 260 |
_aMéxico : _bPosada, _c1989. |
||
| 300 |
_a269 p., [16] p. : _bfotos |
||
| 650 | 4 |
_aPANDILLAS - _zMEXICO _916445 |
|
| 905 | _aLibro | ||
| 999 |
_c50209 _d50209 |
||